Taille des États américains par rapport aux pays - Statistiques

Statistiques générales
  • Ce quiz a été pris 31 fois
  • Le résultat moyen est 26 sur 50
Réponses sur la Carte
Les réponses sont colorées sur une échelle allant du rouge au vert en fonction du pourcentage des utilisateurs qui les ont devinées à leur premier essai. Vous pouvez retrouver ces pourcentages ci-dessous.
 
Statistiques - réponses
État Pays % Correct
Maine Portugal
81%
Montana Japon
78%
Alabama Grèce
70%
Louisiane Grèce
70%
Nouveau-Mexique Pologne
70%
Dakota du Nord Cambodge
67%
Oklahoma Cambodge
67%
Californie Irak
67%
Colorado Nouvelle-Zélande
67%
Indiana Hongrie
63%
Minnesota Laos
63%
Virginie Bulgarie
59%
Kentucky Islande
59%
Virginie-Occidentale Lettonie
59%
Iowa Bangladesh
56%
Nevada Équateur
56%
Wisconsin Suriname
56%
Missouri Syrie
56%
Washington Syrie
56%
Caroline du Sud Émirats Arabes Unis
52%
Tennessee Guatemala
52%
Michigan Guinée
52%
Oregon Guinée
52%
Wyoming Guinée
52%
Idaho Guyana
52%
Kansas Guyana
52%
Utah Guyana
52%
Dakota du Sud Kirghizistan
52%
Nebraska Kirghizistan
52%
New Jersey Slovénie
52%
Floride Uruguay
52%
Maryland Moldavie
48%
Géorgie Népal
48%
Illinois Népal
48%
Arkansas Tadjikistan
48%
Caroline du Nord Tadjikistan
48%
New York Tadjikistan
48%
Delaware Brunei
44%
Hawaï Guinée Équatoriale
44%
Mississippi Nicaragua
44%
Texas Birmanie
41%
Alaska Libye
41%
Arizona Philippines
41%
New Hampshire Djibouti
37%
Ohio Érythrée
37%
Massachusetts Haïti
37%
Vermont Macédoine du Nord
33%
Pennsylvanie  Malawi
33%
Rhode Island Cap-Vert
30%
Connecticut Timor Oriental
30%
Aucun quiz correspondant
Distribution des résultats
% des personnes avec chaque résultat
Percentile par nombre de réponses
Votre historique - résultats
Vous n’avez pas pris ce quiz